Discografia do Metallica - Statistics

Estatísticas Gerais
  • Esse quiz foi jogado 178 vezes
    148 desde o último reset
  • A pontuação média é 9 de 12
Estatísticas das Respostas
Hint Resposta % Correto
1991 Metallica (Black Album)
96%
1986 Master of Puppets
95%
1983 Kill 'em All
89%
1988 ... And Justice For All
84%
1984 Ride the Lightning
83%
1996 Load
79%
1997 ReLoad
79%
2003 St. Anger
76%
2008 Death Magnetic
67%
2023 72 Seasons
61%
1998 Garage Inc.
61%
2016 Hardwired... to Self-Destruct
49%
Nenhum quiz correspondente encontrado
Distribuição das Pontuações
Porcentagem de Pessoas com Cada Pontuação
Percentil de Números Respondidos
Sua Pontuação Histórica
Você não jogou esse quiz desde o último reset